Lady Liberty : (Record no. 4197)
[ view plain ]
| 000 -LEADER | |
|---|---|
| fixed length control field | 01287cam a2200349 a 4500 |
| 001 - CONTROL NUMBER | |
| control field | 4197 |
| 003 - CONTROL NUMBER IDENTIFIER | |
| control field | FISKH |
| 005 - DATE AND TIME OF LATEST TRANSACTION | |
| control field | 20240626160302.0 |
| 008 - FIXED-LENGTH DATA ELEMENTS--GENERAL INFORMATION | |
| fixed length control field | 071001s2008 maua j 000 0 eng |
| 010 ## - LIBRARY OF CONGRESS CONTROL NUMBER | |
| LC control number | 2007040723 |
| 020 ## - INTERNATIONAL STANDARD BOOK NUMBER | |
| International Standard Book Number | 9780763625306 (hbk. : alk. paper) |
| 020 ## - INTERNATIONAL STANDARD BOOK NUMBER | |
| International Standard Book Number | 9780545904421 |
| 040 ## - CATALOGING SOURCE | |
| Original cataloging agency | DLC |
| Transcribing agency | DLC |
| Modifying agency | DLC |
| Language of cataloging | eng |
| 043 ## - GEOGRAPHIC AREA CODE | |
| Geographic area code | n-us-ny |
| 050 ## - LIBRARY OF CONGRESS CALL NUMBER | |
| Classification number | F128.L6 |
| 082 ## - DEWEY DECIMAL CLASSIFICATION NUMBER | |
| Classification number | 974.71 |
| 100 1# - MAIN ENTRY--PERSONAL NAME | |
| Personal name | Rappaport, Doreen. |
| 245 10 - TITLE STATEMENT | |
| Title | Lady Liberty : |
| Remainder of title | a biography / |
| Statement of responsibility, etc. | Doreen Rappaport ; illustrated by Matt Tavares. |
| 260 ## - PUBLICATION, DISTRIBUTION, ETC. | |
| Place of publication, distribution, etc. | New York : |
| Name of publisher, distributor, etc. | Scholastic, |
| Date of publication, distribution, etc. | 2008 |
| 300 ## - PHYSICAL DESCRIPTION | |
| Extent | 40 pages : |
| Other physical details | color illustrations ; |
| Dimensions | 27 cm |
| 505 ## - FORMATTED CONTENTS NOTE | |
| Formatted contents note | R<br/> |
| 520 ## - SUMMARY, ETC. | |
| Summary, etc. | Tells the story of the Statue of Liberty, the sculptor, the engineer, the newspaper publisher, the poet and many others who had a part in the erection of this monument. |
| 521 8# - TARGET AUDIENCE NOTE | |
| Target audience note | 760<br/> |
| Source | Lexile AD <br/> |
| 521 8# - TARGET AUDIENCE NOTE | |
| Target audience note | R<br/> |
| Source | Raz-Plus<br/> |
| 650 #0 - SUBJECT ADDED ENTRY--TOPICAL TERM | |
| Topical term or geographic name entry element | Statue of Liberty (New York, N.Y.) |
| Form subdivision | Juvenile literature. |
| 650 #0 - SUBJECT ADDED ENTRY--TOPICAL TERM | |
| Topical term or geographic name entry element | Statue of Liberty (New York, N.Y.) |
| General subdivision | History |
| Form subdivision | Juvenile literature. |
| 651 #0 - SUBJECT ADDED ENTRY--GEOGRAPHIC NAME | |
| Geographic name | New York (N.Y.) |
| General subdivision | Buildings, structures, etc. |
| Form subdivision | Juvenile literature. |
| 700 1# - ADDED ENTRY--PERSONAL NAME | |
| Personal name | Tavares, Matt, |
| Relator term | illustrator |
| 906 ## - LOCAL DATA ELEMENT F, LDF (RLIN) | |
| a | 7 |
| b | cbc |
| c | orignew |
| d | 1 |
| e | ecip |
| f | 20 |
| g | y-gencatlg |
| 942 ## - ADDED ENTRY ELEMENTS (KOHA) | |
| Source of classification or shelving scheme | Dewey Decimal Classification |
| Koha item type | Books |
| Suppress in OPAC | No |
| Withdrawn status | Lost status | Source of classification or shelving scheme | Damaged status | Not for loan | Collection | Home library | Current library | Shelving location | Date acquired | Total Checkouts | Full call number | Barcode | Date last seen | Date last checked out | Price effective from | Koha item type |
|---|---|---|---|---|---|---|---|---|---|---|---|---|---|---|---|---|
| Dewey Decimal Classification | Non-Fiction | Footprints International School Library Network Toul Kork Campus | Footprints International School Library Network Toul Kork Campus | TK Primary Library Room(4th Floor), Bookcase 5&6, Shelves 33-56, Orange Books | 06/26/2024 | 2 | RAP 974.71 F128.L6 | FISTK05608 | 03/04/2025 | 02/07/2025 | 06/26/2024 | Books |
